000 00447nam a2200181Ia 4500
008 230711s9999||||xx |||||||||||||| ||und||
020 _a978-81-265-1878-4
041 _aENG
082 _a621
_bAG-B
100 _aAgrawal,Basant
245 0 _aBasic Mechanical Engineering
250 _a1st Ed.
260 _c2013
_aNew Delhi
_bWiley India Pvt.Ltd
300 _a370p.
650 _aMechanical Engineering
700 _aAgrawal,C.M
942 _cBK
999 _c6114
_d6114